000 01856nam0a2200289 i 4500
001 RU\NLR\BIBL_A\011309773
005 20260405191633.0
010 _a9785431702044
_9150
021 _aRU
_b2016-95621
_96333
035 _a(NLR Aleph) 011309773
090 _a11015244
_c11015244
100 _a20170116d2016 u y0rusy50 ca
101 0 _arus
_ceng
102 _aRU
105 _ay|||j|||000zy
200 1 _aПрофессиональная коммуникация в сфере юриспруденции
_eучебное пособие
_eдля студентов юридического факультета
_fВ.В. Левченко, Е.А. Соколова
_gМ-во образования и науки Рос. Федерации, Федер. гос. автоном. образоват. учреждение высш. образования "Сам. нац. исслед. ун-т им. акад. С.П. Королёва", Каф. иностр. яз. и проф. коммуникации
210 _aСамара
_cИнсома-пресс
_d2016
215 _a106 с.
_d20
320 _aБиблиогр.: с. 106 (11 назв.)
606 1 _aЮристы
_jУчебные издания для высших учебных заведений
_xПрофессиональная деятельность
_yРоссийская Федерация
_92156243
_3RU\NLR\AUTH\661298084
686 1 _aХ62п.я73
700 1 _8rus
_7ca
_aЛевченко
_bВ. В.
_cд-р пед. наук
_gВиктория Вячеславовна
_3RU\NLR\AUTH\7783646
_966574
701 1 _aСоколова
_bЕ. А.
_cканд. пед. наук, английский язык, менеджмент
_gЕлена Александровна
_9142545
_3RU\NLR\AUTH\770142581
942 _cBOOK
980 _aNBR